000 00392nam a2200157 i 4500
001 bg
100 1 _aANTAS, Stanisław
245 0 _aTeoria silników przepływowych :
_bwloty /
_cS. Antas, A. Lesikiewicz.
260 _aRzeszów,
_c1985.
700 1 _aLESIKIEWICZ, Andrzej
040 _cBPK
041 _apol
080 _a629.7
942 _cKS
008 s pl f |000 0 pol
999 _c3156
_d3156
856 _uhttp://koha.tu.koszalin.pl/cgi-bin/koha/opac-detail.pl?biblionumber=3156
_yKatalog online BPK